02511cam a22003497a 450000100090000000300040000900500170001300800410003001000170007101500190008801500190010701600180012602000250014402000220016903500240019104000660021504200140028105000210029508200190031610000310033524501360036626001390050230000400064149000550068150400660073650502730080252009490107565000230202465100270204765100310207483000560210517240452OSt20230921162804.0120403s2012 enkabj b 001 0 eng d a 2011277054 aGBB1A02272bnb aGBB1A02272dnb7 a0158753132Uk a9781848857261 (hbk.) a1848857268 (hbk.) a(OCoLC)ocn751754682 aUKMGBbengcUKMGBdDEBBGdYDXCPdOUNdBWXdNDDdOBEdMUUdDLC alccopycat00aDS461b.B25 201204a954.025bBAL/I1 aBalabanlilar, Lisa,d1958-10aImperial identity in the Mughal Empire :bmemory and dynastic politics in early modern South and Central Asia /cLisa Balabanlilar. aLondon ;aNew York :bI.B. Tauris ;aNew York :bdistributed in the United States and Canada exclusively by Palgrave Macmillan,c2012. axix, 216 p. :bill., maps ;c23 cm.1 aLibrary of South Asian history and culture ;vv. 1 aIncludes bibliographical references (p. [192]-209) and index.0 aTimurid political charisma and the ideology of rule -- Babur and the Timurid exile -- Dynastic memory and the genealogical cult -- The peripatetic court and the Timurid-Mughal landscape -- Legitimacy, restless princes and the imperial succession -- Imagining Kingship. a"Having monopolized Central Asian politics and culture for over a century, the Timurid ruling elite was forced from its ancestral homeland in Transoxiana at the turn of the sixteenth century by an invading Uzbek tribal confederation. The Timurids travelled south: establishing themselves as the new rulers of a region roughly comprising modern Afghanistan, Pakistan and northern India, and founding what would become the Mughal Empire (1526-1857). The last survivors of the House of Timur, the Mughals drew invaluable political capital from their lineage, which was recognized for its charismatic genealogy and court culture - the features of which are examined here. By identifying Mughal loyalty to Turco-Mongol institutions and traditions, Lisa Balabanlilar here positions the Mughal dynasty at the centre of the early modern Islamic world as the direct successors of a powerful political and religious tradition." --cProvided by publisher. 0aTimuridsxHistory. 0aMogul EmpirexHistory. 0aIndiaxHistoryy1526-1765. 0aLibrary of South Asian history and culture ;vv. 1.